Đa dạng tôn giáo với tiến trình xây dựng Cộng đồng Văn hóa - Xã hội ASEAN (ASCC) Sách tham khảo
Saved in:
| Main Author: | |
|---|---|
| Format: | Book |
| Published: |
Hà Nội
Chính trị Quốc gia
2019
|
| Subjects: | |
| Tags: |
Add Tag
No Tags, Be the first to tag this record!
|
| Institutions: | Trung tâm Học liệu Lê Vũ Hùng, Trường Đại học Đồng Tháp |
|---|
| LEADER | 00841pam a22002298a 4500 | ||
|---|---|---|---|
| 001 | 00044765 | ||
| 005 | 20191010131022.0 | ||
| 008 | 110521s1998 ||||||Viesd | ||
| 020 | # | # | |a 9786045748541 |c 74000 |
| 041 | 0 | # | |a Vie |
| 082 | 1 | 4 | |a 200.959 |b Đ100D |
| 100 | 1 | # | |a Trần, Thanh Huyền |
| 245 | 0 | 0 | |b Sách tham khảo |c Trần Thanh Huyền |a Đa dạng tôn giáo với tiến trình xây dựng Cộng đồng Văn hóa - Xã hội ASEAN (ASCC) |
| 260 | # | # | |a Hà Nội |b Chính trị Quốc gia |c 2019 |
| 300 | # | # | |a 232 tr. |c 21 cm. |
| 653 | # | # | |a Tôn giáo |
| 653 | # | # | |a Xây dựng |
| 653 | # | # | |a Đa dạng |
| 653 | # | # | |a Đông Nam Á |
| 852 | # | # | |j KD.0026239 |j KM.0033095 |j KM.0033094 |
| 910 | # | # | |d 10/10/2019 |
| 980 | # | # | |a Trung tâm Học liệu Lê Vũ Hùng, Trường Đại học Đồng Tháp |


